00333nam a2200109Ia 450000500170000000800410001710000210005824500760007926000340015530000110018965000230020020260328101525.0260328s9999||||xx |||||||||||||| ||und|| aGold Levi, Vicki 0aCuba style :b Graphic from the golden age of Design /cVicki Gold Levi bPrinceton Architectural Press a168 p. aDISEÑO GRÁFICO